Counties that Start with P - Statistics

General Stats
  • This quiz has been taken 86 times
  • The average score is 61 of 181
Answer Stats
County State % Correct
Park Colorado | Montana | Wyoming
80%
Parke Indiana
75%
Parker Texas
75%
Polk Arkansas | Florida | Georgia | +9 others
75%
Perry Alabama | Arkansas | Illinois | +7 others
70%
Philadelphia Pennsylvania
65%
Pitt North Carolina
65%
Pierce Georgia | Nebraska | North Dakota | +2 others
55%
Porter Indiana
55%
Phillips Arkansas | Colorado | Kansas | Montana
50%
Pine Minnesota
50%
Plymouth Iowa | Massachusetts
50%
Penobscot Maine
45%
Pittsburg Oklahoma
45%
Pennington Minnesota | South Dakota
40%
Pike Alabama | Arkansas | Georgia | +7 others
40%
Pima Arizona
40%
Potter Pennsylvania | South Dakota | Texas
40%
Power Idaho
40%
Providence Rhode Island
40%
Patrick Virginia
35%
Pawnee Kansas | Nebraska | Oklahoma
35%
Payne Oklahoma
35%
Peoria Illinois
35%
Prairie Arkansas | Montana
35%
Pratt Kansas
35%
Pulaski Arkansas | Georgia | Illinois | +4 others
35%
Putnam Florida | Georgia | Illinois | +6 others
35%
Perkins Nebraska | South Dakota
30%
Pinal Arizona
30%
Pocahontas Iowa | West Virginia
30%
Pope Arkansas | Illinois | Minnesota
30%
Portsmouth Virginia
30%
Price Wisconsin
30%
Prince George Virginia
30%
Prince George's Maryland
30%
Pueblo Colorado
30%
Page Iowa | Virginia
25%
Passaic New Jersey
25%
Pender North Carolina
25%
Pershing Nevada
25%
Petersburg Alaska | Virginia
25%
Pipestone Minnesota
25%
Placer California
25%
Plumas California
25%
Portage Ohio | Wisconsin
25%
Preston West Virginia
25%
Pacific Washington
20%
Palo Alto Iowa
20%
Peach Georgia
20%
Person North Carolina
20%
Pickens Alabama | Georgia | South Carolina
20%
Pinellas Florida
20%
Piscataquis Maine
20%
Platte Missouri | Nebraska | Wyoming
20%
Prince William Virginia
20%
Palm Beach Florida
15%
Palo Pinto Texas
15%
Pamlico North Carolina
15%
Pasco Florida
15%
Paulding Georgia | Ohio
15%
Payette Idaho
15%
Phelps Missouri | Nebraska
15%
Pickaway Ohio
15%
Pitkin Colorado
15%
Plaquemines Louisiana
15%
Posey Indiana
15%
Pottawatomie Kansas | Oklahoma
15%
Powder River Montana
15%
Powell Kentucky | Montana
15%
Powhatan Virginia
15%
Prentiss Mississippi
15%
Prince Edward Virginia
15%
Prowers Colorado
15%
Panola Mississippi | Texas
10%
Pasquotank North Carolina
10%
Pearl River Mississippi
10%
Pecos Texas
10%
Pemiscot Missouri
10%
Pendleton Kentucky | West Virginia
10%
Pend Oreille Washington
10%
Perquimans North Carolina
10%
Piatt Illinois
10%
Pittsylvania Virginia
10%
Piute Utah
10%
Poinsett Arkansas
10%
Pondera Montana
10%
Pontotoc Mississippi | Oklahoma
10%
Pottawattamie Iowa
10%
Preble Ohio
10%
Presque Isle Michigan
10%
Pushmataha Oklahoma
10%
Parmer Texas
5%
Pembina North Dakota
5%
Pepin Wisconsin
5%
Petroleum Montana
5%
Pettis Missouri
5%
Pointe Coupee Louisiana
5%
Poquoson Virginia
5%
Poweshiek Iowa
5%
Presidio Texas
5%
Prince of Wales-Hyder Alaska
5%
Pickett Tennessee
0%
Pleasants West Virginia
0%
No matching quizzes found
Score Distribution
Percent of People with Each Score
Percentile by Number Answered
Your Score History
You have not taken this quiz